000 00282nam a22001337a 4500
082 _a894.812.1
_bPAN/K
100 _aPANIKKAVEETTIL, SHAHUL
245 _aKATTUKANYAKA
260 _bMARIYATH PUBLICATIONS
_c2013
300 _a63
520 _aPOETRY
650 _aPOETRY
942 _cBK
999 _c4544
_d4544